书目信息 |
| 题名: |
“格”辨
|
|
| 作者: | C·J·菲尔墨 著 ;胡明扬 译 | |
| 分册: | ||
| 出版信息: | 北京 商务印书馆 2002 |
|
| 页数: | 188页 | |
| 开本: | 20cm | |
| 丛书名: | ||
| 单 册: | ||
| 中图分类: | H04 | |
| 科图分类: | ||
| 主题词: | 格(语法)--研究 | |
| 电子资源: | ||
| ISBN: | 7-100-03289-X | |
| 000 | 00590nam0 2200205 45 | |
| 001 | 0312091589 | |
| 005 | 20031219104122.6 | |
| 010 | @a7-100-03289-X@dCNY11.00 | |
| 100 | @a20031209d2002 km y0chiy0120 ea | |
| 101 | 0 | @achi@ceng |
| 105 | @a z 000yy | |
| 200 | 1 | @a“格”辨@A“Ge”Bian@f(美)C·J·菲尔墨著@F(Mei)C·J·Fei Er Mo Zhu@g胡明扬译 |
| 210 | @a北京@c商务印书馆@d2002 | |
| 215 | @a188页@d20cm | |
| 606 | 0 | @a格(语法)@x研究 |
| 690 | @aH04@v4 | |
| 701 | 0 | @aC·J·菲尔墨@4著 |
| 702 | 0 | @a胡明扬@AHu Ming Yang@4译 |
| 801 | @aCN@bTSTC@c20031209 | |
| 905 | @b329735-739@dH04@e38@f5 | |
| “格”辨/(美)C·J·菲尔墨著/胡明扬译.-北京:商务印书馆,2002 |
| 188页;20cm |
| ISBN 7-100-03289-X:CNY11.00 |
| ● |
| 相关链接 |
|
|
|
|
正题名:"格"辨
索取号:H04/38
 
预约/预借
| 序号 | 登录号 | 条形码 | 馆藏地/架位号 | 状态 | 备注 |
| 1 | 0329735 | 203297351 | 第四借阅区/ [索取号:H04/38] | 在馆 | |
| 2 | 0329736 | 203297360 | 第四借阅区/ [索取号:H04/38] | 在馆 | |
| 3 | 0329737 | 203297379 | 第四借阅区/ [索取号:H04/38] | 在馆 | |
| 4 | 0329738 | 203297388 | 第四借阅区/ [索取号:H04/38] | 在馆 | |
| 5 | 0329739 | 203297397 | 第二样本阅览室/ [索取号:H04/38] | 在馆 |